000 00579nam a2200193Ia 4500
999 _c921
_d921
020 _a81-7017-234-9
082 _a378.1550954 KAU-G
100 _aKaul, J.N;
245 0 _aGovernance of universities: autonomy of university community
260 _aNew Delhi
_bAbhinav Publications
_c1988
300 _a308p.
504 _aIncludes index
650 _aUniversities and colleges - India
650 _aCommunity and college - India
650 _aCollege administration - India
650 _aUniversity autonomy - India
650 _aEducation, Higher - India
942 _cBK
_2ddc